[Event "Russian Championship B11 2016"]
[Site "Loo"]
[Date "2016.04.26"]
[Round "7.3"]
[White "Atovmian, Artem"]
[Black "Makoveev, Ilya"]
[Result "0-1"]
[WhiteElo "1682"]
[BlackElo "2137"]
[PlyCount "80"]
[EventDate "2016.04.20"]

1. e4 c5 2. Nf3 e6 3. d4 cxd4 4. Nxd4 a6 5. Be3 Nf6 6. Nc3 d6 7. Be2 b5 8. a3
Bb7 9. Bf3 Nbd7 10. O-O Be7 11. Nb3 O-O 12. Bf4 Qb6 13. Re1 Rfd8 14. Qe2 Ne5
15. Rad1 Nc4 16. Bc1 Rac8 17. Nb1 a5 18. g3 b4 19. axb4 axb4 20. Bg2 Ba6 21.
Bf1 Bb7 22. Bg2 Nd7 23. Kh1 Ba6 24. Bf1 Nb8 25. Qh5 Qxf2 26. Bd3 g6 27. Qh6 Bf8
28. Qh4 Qf3+ 29. Kg1 Ne5 30. Rf1 Qxd1 31. Rxd1 Nf3+ 32. Kf2 Nxh4 33. Bg5 Rd7
34. Bxh4 Bxd3 35. cxd3 Rc2+ 36. Rd2 Rxd2+ 37. N1xd2 Bg7 38. d4 Nc6 39. Ke3 Bh6+
40. Kd3 g5 0-1

[Event "Russian Championship B11 2016"]
[Site "Loo"]
[Date "2016.04.26"]
[Round "7.4"]
[White "Titov, Alexander"]
[Black "Putrenko, Kirill"]
[Result "0-1"]
[WhiteElo "1641"]
[BlackElo "1647"]
[PlyCount "112"]
[EventDate "2016.04.20"]

1. d4 g6 2. Nf3 Bg7 3. c4 c5 4. d5 d6 5. e4 Bg4 6. Be2 Na6 7. h3 Bxf3 8. Bxf3
Nc7 9. O-O Nf6 10. Nc3 O-O 11. Bf4 Nd7 12. Qd2 a6 13. Bh6 b5 14. Bxg7 Kxg7 15.
Be2 Rb8 16. Nd1 Nf6 17. f3 bxc4 18. Bxc4 Nb5 19. Ne3 Qb6 20. b3 Nd4 21. Ng4
Nxg4 22. hxg4 a5 23. f4 Qb4 24. Qf2 a4 25. a3 Qa5 26. b4 Qa7 27. bxc5 Qxc5 28.
Rac1 Nb3 29. Qxc5 Nxc5 30. e5 Rfc8 31. g5 Ne4 32. Be2 Nc3 33. Bg4 Rc5 34. Bf3
Rb3 35. exd6 exd6 36. Ra1 Nxd5 37. Bd1 Rd3 38. Bxa4 Rd4 39. Bb3 Rxf4 40. Rad1
Rxf1+ 41. Rxf1 Kf8 42. Rd1 Nf4 43. Rxd6 Rxg5 44. Rd2 Rg3 45. Bc4 Rxa3 46. Rf2
g5 47. Kh2 Rc3 48. Ba2 Rc6 49. Kg1 Kg7 50. Bxf7 Kxf7 51. g3 Rf6 52. gxf4 Rxf4
53. Ra2 Kg6 54. Kg2 h5 55. Ra8 h4 56. Rd8 Kh5 0-1

[Event "Russian Championship B11 2016"]
[Site "Loo"]
[Date "2016.04.26"]
[Round "7.5"]
[White "Safin, Robert"]
[Black "Vasilyev, Alexey"]
[Result "1/2-1/2"]
[WhiteElo "1618"]
[BlackElo "1828"]
[PlyCount "96"]
[EventDate "2016.04.20"]

1. e4 c5 2. Nf3 e6 3. d4 cxd4 4. Nxd4 a6 5. Bd3 Nf6 6. O-O Qc7 7. Nd2 Nc6 8.
Nxc6 dxc6 9. Nf3 e5 10. h3 Bc5 11. Qe2 h6 12. Bd2 Be6 13. Bc3 Nd7 14. Bc4 Bxc4
15. Qxc4 b5 16. Qe2 O-O 17. Rad1 Rad8 18. a3 Rfe8 19. Rd3 Bd6 20. Rfd1 Nc5 21.
R3d2 Nb7 22. b3 f6 23. Bb2 Bf8 24. Ne1 Rxd2 25. Rxd2 Rd8 26. Kf1 Nc5 27. f3 Ne6
28. Qd1 Rxd2 29. Qxd2 Bc5 30. Nd3 Ba7 31. Ke1 c5 32. c4 Nd4 33. Qc3 Bb6 34. Kf1
Kh7 35. Bc1 g5 36. Nb2 Qd6 37. Qd3 Kg6 38. Be3 b4 39. a4 Qe6 40. Bxd4 exd4 41.
Qd2 a5 42. Nd3 h5 43. h4 Qe7 44. hxg5 fxg5 45. Kf2 Bc7 46. Qe2 Be5 47. g3 Kh6
48. Kg2 Qd6 1/2-1/2

[Event "Russian Championship B11 2016"]
[Site "Loo"]
[Date "2016.04.26"]
[Round "7.6"]
[White "Grebnev, Aleksey"]
[Black "Trofimov, Pavel"]
[Result "0-1"]
[WhiteElo "1766"]
[BlackElo "1748"]
[PlyCount "108"]
[EventDate "2016.04.20"]

1. e4 c5 2. Nf3 d6 3. d4 cxd4 4. Nxd4 Nf6 5. Nc3 a6 6. Bg5 Nbd7 7. f4 h6 8. Bh4
Qb6 9. a3 Nc5 10. Bxf6 gxf6 11. Nd5 Qd8 12. Bd3 Bg7 13. f5 O-O 14. O-O e6 15.
Ne3 Qb6 16. Nc4 Qc7 17. Qg4 Nxd3 18. Rf3 Qxc4 19. Rxd3 Kh7 20. Rad1 Qc7 21. Rg3
Rg8 22. fxe6 Bxe6 23. Nxe6 fxe6 24. Qg6+ Kh8 25. Rh3 Rad8 26. Kh1 Rd7 27. Rdd3
Qd8 28. Rxd6 Re8 29. Rg3 Ree7 30. Rxd7 Qxd7 31. h3 Qd1+ 32. Kh2 Qd6 33. c4 Kg8
34. a4 Kf8 35. b3 Qe5 36. h4 Rd7 37. h5 f5 38. exf5 Rd3 39. f6 Qxg3+ 40. Qxg3
Rxg3 41. Kxg3 Bxf6 42. Kf3 Kf7 43. Ke4 Bc3 44. g3 b6 45. g4 a5 46. Kd3 Bb4 47.
Ke4 Bc5 48. Kf3 Kf6 49. Ke4 e5 50. Kf3 Kg5 51. Ke4 Kxg4 52. Kxe5 Kxh5 53. Kd5
Kg5 54. Kc6 h5 0-1

[Event "Russian Championship B11 2016"]
[Site "Loo"]
[Date "2016.04.26"]
[Round "7.7"]
[White "Kharkevich, Stepan"]
[Black "Makinyan, Ruben"]
[Result "1-0"]
[WhiteElo "1614"]
[BlackElo "1583"]
[PlyCount "149"]
[EventDate "2016.04.20"]

1. e4 e5 2. Nf3 Nc6 3. Bb5 Nf6 4. O-O Nxe4 5. d4 Nd6 6. Bxc6 dxc6 7. dxe5 Nf5
8. Qxd8+ Kxd8 9. Nc3 Bd7 10. h3 Be7 11. Rd1 Kc8 12. Bg5 h6 13. Bxe7 Nxe7 14.
Rd2 c5 15. Ne4 b6 16. Ng3 Be6 17. a3 Kb7 18. Rad1 Nc6 19. Nh5 g6 20. Nf4 Bf5
21. Re2 Rad8 22. Rdd2 Rxd2 23. Rxd2 Rd8 24. Rxd8 Nxd8 25. Nd3 Nc6 26. Nde1 Kc8
27. g4 Be4 28. Nd2 Bd5 29. f4 Nd4 30. Kf2 Kd7 31. c3 Ne6 32. Kg3 Ke7 33. Ndf3
Be4 34. h4 Ng7 35. Ng2 f6 36. Ne3 Ke6 37. exf6 Kxf6 38. Nd2 Bc6 39. Ndc4 Ne6
40. Ne5 Bb7 41. g5+ hxg5 42. hxg5+ Kg7 43. Kg4 Bc8 44. f5 Nf8 45. Kf4 gxf5 46.
Nxf5+ Kh8 47. Nf7+ Kh7 48. Ne7 Ng6+ 49. Nxg6 Kxg6 50. Ne5+ Kg7 51. Nc6 a5 52.
Ne7 Be6 53. Ke5 Kf7 54. Nd5 Bh3 55. Nxc7 Bg2 56. Nd5 b5 57. g6+ Kg7 58. Kd6 b4
59. Kxc5 bxa3 60. bxa3 Bf1 61. Nf4 Kf6 62. Kb6 Kf5 63. Kc5 Kf6 64. Kd4 Kg7 65.
c4 Kf6 66. c5 Ba6 67. c6 Kg7 68. Kc5 Bc8 69. Kb6 a4 70. Kc7 Bf5 71. Kd8 Be4 72.
c7 Bf5 73. c8=Q Bxc8 74. Kxc8 Kf6 75. Kd7 1-0

[Event "Russian Championship B11 2016"]
[Site "Loo"]
[Date "2016.04.26"]
[Round "7.8"]
[White "Nikolaev, Matvei"]
[Black "Ryabov, Georgi"]
[Result "0-1"]
[WhiteElo "1569"]
[BlackElo "1715"]
[PlyCount "136"]
[EventDate "2016.04.20"]

1. e4 c5 2. Nf3 e6 3. d4 cxd4 4. Nxd4 a6 5. Bd3 Qc7 6. O-O Nf6 7. Qe2 d6 8. c4
Nbd7 9. b3 g6 10. Bb2 Bg7 11. Nd2 b6 12. N4f3 Nh5 13. Bxg7 Nxg7 14. Rfd1 Bb7
15. Qe3 O-O 16. Nf1 f6 17. Rd2 Ne5 18. Nxe5 dxe5 19. f3 f5 20. Rad1 Rad8 21.
Bc2 f4 22. Qf2 g5 23. h3 Rxd2 24. Qxd2 Bc6 25. Qd6 Qxd6 26. Rxd6 Rc8 27. Bd3
Kf7 28. Be2 Ke7 29. Rd2 Ne8 30. c5 b5 31. b4 a5 32. a3 axb4 33. axb4 Ra8 34.
Kh2 Ra4 35. Rb2 Nc7 36. Bd1 Ra1 37. Be2 Na6 38. Nd2 Ra4 39. Nb1 Rxb4 40. Rxb4
Nxb4 41. Nc3 Na6 42. Bxb5 Bxb5 43. Nxb5 Nxc5 44. h4 g4 45. Nc3 g3+ 46. Kg1 h5
47. Nb1 Nd7 48. Na3 Nf8 49. Nc4 Ng6 50. Kf1 Kf6 51. Nd6 Nxh4 52. Kg1 Ng6 53.
Nc4 h4 54. Kh1 Nh8 55. Nd2 Nf7 56. Kg1 Ng5 57. Kh1 h3 58. gxh3 Nxh3 59. Kg2 Nf2
60. Nb3 Nd3 61. Nd2 Kg5 62. Nc4 Ne1+ 63. Kf1 Nxf3 64. Ke2 g2 65. Kxf3 g1=Q 66.
Ke2 Qg2+ 67. Kd3 f3 68. Nxe5 f2 0-1

[Event "Russian Championship B11 2016"]
[Site "Loo"]
[Date "2016.04.26"]
[Round "7.9"]
[White "Chugunov, Vadim"]
[Black "Lystsov, Leonid"]
[Result "0-1"]
[WhiteElo "1710"]
[BlackElo "1569"]
[PlyCount "98"]
[EventDate "2016.04.20"]

1. e4 c5 2. Nf3 Nc6 3. d4 cxd4 4. Nxd4 g6 5. Nc3 Bg7 6. Be3 Nf6 7. Nxc6 bxc6 8.
e5 Ng8 9. Bd4 Qa5 10. Bc4 Bxe5 11. O-O Nf6 12. Bxe5 Qxe5 13. Re1 Qc5 14. Bb3 e6
15. Qf3 Qe7 16. Rad1 O-O 17. Ne4 Nxe4 18. Qxe4 d5 19. Qe3 Qd6 20. c3 Bb7 21.
Ba4 Rfe8 22. f4 Qd8 23. Qd2 Qb6+ 24. Kh1 Rad8 25. Qd4 c5 26. Qd2 Bc6 27. Bxc6
Qxc6 28. Qf2 Kg7 29. Rd2 f6 30. h3 Rd7 31. Qf3 e5 32. f5 e4 33. Qg3 Re5 34.
fxg6 hxg6 35. Qe3 g5 36. g4 Qb6 37. Kg2 d4 38. Qe2 e3 39. Rdd1 Qc6+ 40. Qf3 Qb5
41. cxd4 cxd4 42. b3 Red5 43. Kg1 Kg6 44. Kh1 Qb4 45. Qe2 d3 46. Qb2 Qe4+ 47.
Qg2 Qf4 48. Qf1 e2 49. Qxf4 exd1=Q 0-1

[Event "Russian Championship B11 2016"]
[Site "Loo"]
[Date "2016.04.26"]
[Round "7.10"]
[White "Poroshin, Aleksandr"]
[Black "Prokhorov, Stepan"]
[Result "0-1"]
[WhiteElo "1599"]
[BlackElo "1689"]
[PlyCount "162"]
[EventDate "2016.04.20"]

1. d4 d5 2. c4 dxc4 3. e4 e5 4. d5 Nf6 5. Nc3 c6 6. Bxc4 b5 7. Bb3 b4 8. Nce2
Nxe4 9. Nf3 f6 10. O-O Bc5 11. Be3 Bxe3 12. fxe3 Nc5 13. dxc6 Qxd1 14. Bxd1 O-O
15. Rc1 Nd3 16. Bb3+ Kh8 17. Rcd1 e4 18. Nfd4 Na6 19. Bd5 Nc7 20. Bxe4 Nxb2 21.
Rb1 Nc4 22. Rxb4 Nxe3 23. Rf3 Ned5 24. Ra4 Nb6 25. Ra5 Nc4 26. Rh5 Nd2 27.
Rxh7+ Kg8 28. Rg3 Rf7 29. Bg6 Re7 30. Rd3 Nc4 31. Nb5 Bg4 32. Nxc7 Rxc7 33. Rd4
Ne5 34. Rxg4 Nxg4 35. Rh4 Ne5 36. Be4 Rd8 37. Nc3 Nxc6 38. Nb5 Rcc8 39. Bxc6
Rxc6 40. Nxa7 Ra6 41. Nb5 Rxa2 42. h3 f5 43. Nc3 Rc2 44. Nb5 Rd1+ 45. Kh2 Rdd2
46. Nd4 Rxg2+ 47. Kh1 Rh2+ 48. Kg1 Rcg2+ 49. Kf1 Ra2 50. Kg1 Rhb2 51. Rf4 Ra1+
52. Rf1 Rxf1+ 53. Kxf1 Rh2 54. Nxf5 Rxh3 55. Kg2 Ra3 56. Nh4 Kf7 57. Nf3 Ra2+
58. Kg3 Kf6 59. Kf4 Ra4+ 60. Kg3 g5 61. Nd2 Kf5 62. Nf3 g4 63. Nh4+ Kg5 64. Ng2
Ra3+ 65. Kh2 Rh3+ 66. Kg1 g3 67. Ne1 Kf4 68. Ng2+ Kf3 69. Ne1+ Kg4 70. Ng2 Kf3
71. Ne1+ Kg4 72. Ng2 Rh2 73. Ne3+ Kh3 74. Nd5 Ra2 75. Nf4+ Kg4 76. Nd3 Rd2 77.
Ne5+ Kh3 78. Kf1 g2+ 79. Kg1 Kg3 80. Nf3 Rd1+ 81. Ne1 Rxe1# 0-1

[Event "Russian Championship B11 2016"]
[Site "Loo"]
[Date "2016.04.26"]
[Round "7.11"]
[White "Merts, Dmitrii"]
[Black "Tyurin, Artem"]
[Result "0-1"]
[WhiteElo "1578"]
[BlackElo "1532"]
[PlyCount "66"]
[EventDate "2016.04.20"]

1. e4 c5 2. Nf3 Nc6 3. d4 cxd4 4. Nxd4 g6 5. Nc3 Bg7 6. Be3 Nf6 7. f3 O-O 8.
Nb3 d6 9. Be2 Be6 10. f4 d5 11. e5 Ne8 12. Bf3 Nc7 13. Ne2 f6 14. Ned4 Bf7 15.
exf6 Bxf6 16. O-O e6 17. Qd2 Ne8 18. Rae1 Nd6 19. Bf2 Nc4 20. Qc1 Nxd4 21. Nxd4
Re8 22. c3 Rc8 23. Re2 e5 24. fxe5 Nxe5 25. Qd2 Bg5 26. Qd1 Nc4 27. Rfe1 Rxe2
28. Rxe2 Bf4 29. Bg4 Rc7 30. Ne6 Qd6 31. b3 Nb2 32. Rxb2 Bxe6 33. Bxe6+ Qxe6 {
далее запись неразбор~~ива} 0-1

[Event "Russian Championship B11 2016"]
[Site "Loo"]
[Date "2016.04.26"]
[Round "7.13"]
[White "Ismagilov, Igor"]
[Black "Toropov, Lev"]
[Result "1-0"]
[WhiteElo "1719"]
[BlackElo "1466"]
[PlyCount "109"]
[EventDate "2016.04.20"]

1. d4 d5 2. Nf3 Nf6 3. Bf4 e6 4. Nbd2 Be7 5. e3 Nbd7 6. c3 O-O 7. Bd3 b6 8. O-O
Bb7 9. Ne5 c5 10. Bg3 c4 11. Bc2 b5 12. a4 a6 13. Qb1 h6 14. axb5 axb5 15. Rxa8
Qxa8 16. Qa1 Qxa1 17. Rxa1 Ra8 18. Rxa8+ Bxa8 19. Bh4 g5 20. Bg3 b4 21. Ba4
Nxe5 22. Bxe5 Kg7 23. Kf1 Kg6 24. Ke2 Kf5 25. h3 g4 26. Bxf6 gxh3 27. Bxe7 h2
28. Nf1 h1=N 29. Ng3+ Nxg3+ 30. fxg3 bxc3 31. bxc3 f6 32. Bd7 h5 33. Be8 Kg5
34. Bf7 Kg4 35. Kf2 e5 36. Bxf6 Kf5 37. Bxe5 Kg4 38. Bf4 Kf5 39. Bxh5 Bc6 40.
g4+ Kf6 41. g5+ Kg7 42. Be5+ Kg8 43. Kf3 Bd7 44. Kf4 Be6 45. g6 Bd7 46. Kg5 Be8
47. g7 Bf7 48. Bxf7+ Kxf7 49. Kh6 Kg8 50. g4 Kf7 51. Kh7 Ke8 52. g8=Q+ Ke7 53.
Qc8 Kf7 54. Qd7+ Kf8 55. Bg7# 1-0

[Event "Russian Championship B11 2016"]
[Site "Loo"]
[Date "2016.04.26"]
[Round "7.14"]
[White "Khusnulgatin, Artem"]
[Black "Kochetov, Vladislav"]
[Result "1/2-1/2"]
[WhiteElo "1559"]
[BlackElo "1674"]
[PlyCount "86"]
[EventDate "2016.04.20"]

1. e4 c5 2. c4 Nc6 3. Nc3 g6 4. g3 Bg7 5. Bg2 e6 6. Nge2 Nge7 7. O-O O-O 8. d3
a6 9. Be3 Nd4 10. Bxd4 cxd4 11. Nb1 Qb6 12. b3 Nc6 13. Na3 d6 14. Nc2 Qc7 15.
a3 b5 16. Rb1 Bb7 17. Qd2 Rfb8 18. Rfc1 Qd7 19. Rf1 Qc7 20. Rfc1 Qb6 21. Rf1
Qd8 22. Rfd1 Qd7 23. Nb4 Nxb4 24. Qxb4 e5 25. Qd2 Bc6 26. Rb2 Rb6 27. Rdb1 Rab8
28. Kf1 Qg4 29. Kg1 Qe6 30. Kh1 R8b7 31. Kg1 Qc8 32. Nc1 bxc4 33. bxc4 Qb8 34.
Rxb6 Rxb6 35. Rxb6 Qxb6 36. Qb4 Qxb4 37. axb4 Ba4 38. Ne2 Bc2 39. b5 axb5 40.
cxb5 Bxd3 41. b6 Ba6 42. Bf1 Bf6 43. Nxd4 exd4 1/2-1/2

[Event "Russian Championship B11 2016"]
[Site "Loo"]
[Date "2016.04.26"]
[Round "7.16"]
[White "Makov, Artem"]
[Black "Gagarinov, Andrey"]
[Result "1-0"]
[WhiteElo "1547"]
[BlackElo "1562"]
[PlyCount "69"]
[EventDate "2016.04.20"]

1. d4 Nf6 2. c4 e6 3. Nc3 d5 4. Bg5 Be7 5. Nf3 O-O 6. e3 a6 7. Rc1 Nbd7 8. Bd3
dxc4 9. Bxc4 b5 10. Bd3 Bb7 11. O-O c5 12. e4 c4 13. Bb1 Rc8 14. e5 Nd5 15.
Bxe7 Nxe7 16. Ne4 Bxe4 17. Bxe4 Qa5 18. a3 Rcd8 19. Qc2 h6 20. g4 Nb6 21. Rcd1
Nbd5 22. g5 hxg5 23. Nxg5 Kh8 24. Bxd5 Nf5 25. Bg2 g6 26. Qe4 Qb6 27. Bh3 Kg7
28. Bxf5 exf5 29. Qe3 Rh8 30. e6 Rde8 31. e7 Qb7 32. Rfe1 Rh5 33. d5 Qd7 34.
Qd4+ Kg8 35. Qf6 1-0

[Event "Russian Championship B11 2016"]
[Site "Loo"]
[Date "2016.04.26"]
[Round "7.17"]
[White "Chalov, Egor"]
[Black "Sagdiev, Daniel"]
[Result "1-0"]
[WhiteElo "1522"]
[BlackElo "1599"]
[PlyCount "99"]
[EventDate "2016.04.20"]

1. e4 c5 2. Nf3 e6 3. d4 cxd4 4. Nxd4 Nf6 5. Nc3 a6 6. e5 Nd5 7. Nxd5 exd5 8.
Nf3 b6 9. Qxd5 Nc6 10. Bc4 Qe7 11. O-O Bb7 12. Ng5 Na5 13. Qxf7+ Qxf7 14. Bxf7+
Kd8 15. Be3 Kc7 16. Bb3 Be7 17. Nf7 Rhf8 18. Nd6 Bc6 19. Rad1 Bxd6 20. exd6+
Kb7 21. Bd4 Rae8 22. Rfe1 Nxb3 23. axb3 Re4 24. f3 Ree8 25. Re7 Rg8 26. Rde1
Ref8 27. Kf2 g5 28. Rxh7 g4 29. Re3 Rg6 30. Rg7 Rxg7 31. Bxg7 Rg8 32. Re7 gxf3
33. gxf3 Bd5 34. h4 Be6 35. h5 Kc6 36. Rxe6 dxe6 37. h6 Kxd6 38. h7 Rc8 39.
h8=Q Rxh8 40. Bxh8 Kd5 41. Ke3 e5 42. Bg7 b5 43. Bf8 a5 44. Be7 Ke6 45. Bd8 a4
46. bxa4 bxa4 47. Ke4 Kd6 48. Bf6 Kd7 49. Bxe5 Ke7 50. f4 1-0

[Event "Russian Championship B11 2016"]
[Site "Loo"]
[Date "2016.04.26"]
[Round "7.18"]
[White "Mamochev, Aleksei"]
[Black "Smirnov, Yaroslav"]
[Result "1/2-1/2"]
[WhiteElo "1598"]
[BlackElo "1440"]
[PlyCount "151"]
[EventDate "2016.04.20"]

1. e4 c5 2. Ne2 d6 3. g3 Nf6 4. Bg2 a6 5. O-O e6 6. c3 Nbd7 7. d4 Rb8 8. Nd2 b5
9. a3 Bb7 10. h3 Qc7 11. f4 Nb6 12. g4 cxd4 13. cxd4 Nc4 14. Nxc4 Qxc4 15. Nc3
Be7 16. Be3 b4 17. axb4 Qxb4 18. Qd2 Nd7 19. Qf2 Bc8 20. Rab1 Nb6 21. Ra1 Nd7
22. Rfb1 O-O 23. d5 e5 24. f5 Bd8 25. h4 Nb6 26. Bf1 a5 27. g5 Bd7 28. Qe2 Na4
29. Nxa4 Bxa4 30. Bg2 Bb5 31. Qf3 Bb6 32. Bxb6 Rxb6 33. f6 g6 34. h5 Qd2 35.
Qg4 Be2 36. Qg3 Bxh5 37. Kh2 Rfb8 38. Rc1 Qxb2 39. Qh3 Rf8 40. Rc8 Rb8 41. Rac1
Qb7 42. R1c7 Qa8 43. Rxf8+ Rxf8 44. Bf3 Qb8 45. Rc2 Kh8 46. Bxh5 gxh5 47. Rg2
Rg8 48. Qxh5 Rg6 49. Qh3 Qb4 50. Rc2 Qb7 51. Rg2 Qb4 52. Qc8+ Rg8 53. Qf5 Rg6
54. Qg4 Qc3 55. Qd7 Qe1 56. Qg4 Qe3 57. Qc8+ Rg8 58. Qf5 Qf4+ 59. Qxf4 exf4 60.
Ra2 Rxg5 61. Rxa5 Rg6 62. Ra8+ Rg8 63. Rxg8+ Kxg8 64. e5 Kf8 65. e6 fxe6 66.
dxe6 h5 67. Kh3 d5 68. Kh4 d4 69. Kxh5 d3 70. Kg6 d2 71. e7+ Ke8 72. f7+ Kxe7
73. Kg7 d1=Q 74. f8=Q+ Kd7 75. Qf7+ Kc6 76. Qxf4 1/2-1/2

[Event "Russian Championship B11 2016"]
[Site "Loo"]
[Date "2016.04.26"]
[Round "7.19"]
[White "Kozachek, Stanislav"]
[Black "Kirushin, Ivan"]
[Result "1-0"]
[WhiteElo "1484"]
[BlackElo "1592"]
[PlyCount "95"]
[EventDate "2016.04.20"]

1. e4 d5 2. exd5 Qxd5 3. Nc3 Qa5 4. d4 Nf6 5. Nf3 Bg4 6. h3 Bh5 7. g4 Bg6 8.
Ne5 c6 9. h4 Be4 10. f3 Bd5 11. Rb1 Qc7 12. Nxd5 Nxd5 13. c4 Nf6 14. a3 Nbd7
15. Bf4 Nxe5 16. dxe5 e6 17. Qe2 Nd7 18. Bh2 Be7 19. g5 h6 20. f4 hxg5 21. hxg5
O-O-O 22. b4 Qb6 23. Bg1 Qa6 24. Rxh8 Rxh8 25. Qf3 Kc7 26. Be2 b6 27. c5 b5 28.
Qc3 f6 29. gxf6 gxf6 30. a4 Qb7 31. axb5 cxb5 32. Bf3 Qc8 33. Qa1 a6 34. c6 Nb8
35. Qd4 Nxc6 36. Qb6+ Kd7 37. Bxc6+ Qxc6 38. Rd1+ Qd5 39. Rxd5+ exd5 40. e6+
Ke8 41. Qb8+ Bd8 42. Bb6 Ke7 43. Qc8 Rh1+ 44. Ke2 Rh2+ 45. Kf3 Rh3+ 46. Kg4
Bxb6 47. Qd7+ Kf8 48. Qf7# 1-0

[Event "Russian Championship B11 2016"]
[Site "Loo"]
[Date "2016.04.26"]
[Round "7.20"]
[White "Dubinenko, Konstantin"]
[Black "Chumaevskiy, Arseniy"]
[Result "0-1"]
[WhiteElo "1483"]
[BlackElo "1552"]
[PlyCount "92"]
[EventDate "2016.04.20"]

1. e4 e5 2. Nf3 Nc6 3. Bc4 Nf6 4. Ng5 d5 5. exd5 Na5 6. Bb5+ c6 7. dxc6 bxc6 8.
Qf3 Rb8 9. Bd3 Be7 10. Nc3 O-O 11. O-O Rb4 12. Nge4 Ng4 13. a3 Rd4 14. Ng3 Rxd3
15. Qxd3 Qxd3 16. cxd3 Nb3 17. Ra2 Ba6 18. h3 Nh6 19. Re1 Bd6 20. Nge4 Bc7 21.
a4 Bxd3 22. Ra3 Bc2 23. d3 Nf5 24. Re2 Nbd4 25. Rd2 Ba5 26. b3 Bb4 27. Ra2 Bxb3
28. Rab2 c5 29. Rb1 Ne7 30. Rdb2 Bc2 31. Ra1 f5 32. Nb5 Nec6 33. Ned6 a6 34.
Raa2 Bb3 35. Nxd4 Nxd4 36. Rxb3 Nxb3 37. Re2 Nxc1 38. Rxe5 Nxd3 39. Re7 c4 40.
Rd7 Bxd6 41. Rxd6 Rc8 42. Rxa6 c3 43. Rd6 c2 44. Rxd3 c1=Q+ 45. Kh2 Qf4+ 46.
Rg3 h5 0-1

[Event "Russian Championship B11 2016"]
[Site "Loo"]
[Date "2016.04.26"]
[Round "7.22"]
[White "Krivov, Nikita"]
[Black "Grunin, Denis"]
[Result "0-1"]
[WhiteElo "1549"]
[BlackElo "1605"]
[PlyCount "104"]
[EventDate "2016.04.20"]

1. d4 Nf6 2. c4 g6 3. Nc3 d5 4. Nf3 Bg7 5. Bg5 Ne4 6. cxd5 Nxg5 7. Nxg5 e6 8.
Nf3 exd5 9. e3 O-O 10. Be2 c5 11. O-O cxd4 12. Nxd4 Nc6 13. Bf3 Nxd4 14. exd4
Be6 15. Qd2 Qd7 16. Rfd1 Rfd8 17. Qg5 h6 18. Qg3 Rac8 19. Rac1 Qc7 20. Qxc7
Rxc7 21. Ne2 Rdc8 22. Rc3 Rc4 23. Rdc1 b6 24. Kf1 Kf8 25. Ke1 h5 26. Rxc4 Rxc4
27. Rxc4 dxc4 28. Kd2 Ke7 29. Kc3 Kd6 30. Nf4 b5 31. a3 a5 32. Nxe6 fxe6 33.
Bb7 e5 34. d5 e4+ 35. Kc2 Bd4 36. Ba6 Bxf2 37. Bxb5 Kxd5 38. Kd2 Bd4 39. Be8
Bxb2 40. a4 c3+ 41. Kd1 Kd4 42. Bb5 Ke3 43. Be8 h4 44. Bc6 g5 45. h3 Kd3 46.
Bb5+ Kd4 47. Be2 Ke3 48. Bb5 Kf2 49. Bc6 e3 50. Bf3 Ba3 51. Bg4 e2+ 52. Bxe2
c2+ 0-1

[Event "Russian Championship B11 2016"]
[Site "Loo"]
[Date "2016.04.26"]
[Round "7.27"]
[White "Kagan, Mikhail"]
[Black "Kasparov, Georgy"]
[Result "0-1"]
[WhiteElo "1429"]
[BlackElo "1365"]
[PlyCount "128"]
[EventDate "2016.04.20"]

1. e4 c5 2. c4 b6 3. Nc3 Bb7 4. g3 Nf6 5. Bg2 e6 6. d3 Nc6 7. e5 Ng8 8. Bxc6
Bxc6 9. Ne4 f5 10. exf6 Nxf6 11. Bg5 h6 12. Bxf6 gxf6 13. Qh5+ Ke7 14. Qg6 Bxe4
15. dxe4 Qe8 16. Qg4 h5 17. Qe2 Bh6 18. Rd1 Kf7 19. Qxh5+ Ke7 20. Qe2 Qg6 21.
Qd3 Rad8 22. Nf3 d6 23. Nh4 Qh7 24. Rf1 Bg5 25. Nf3 Bh6 26. b4 Kf7 27. h4 Bf8
28. g4 Be7 29. Rg1 Rhg8 30. Qe3 Rg7 31. bxc5 bxc5 32. Qf4 Rdg8 33. Ng5+ Rxg5
34. hxg5 Rxg5 35. Ke2 e5 36. Qe3 Qh4 37. Qg3 Qh7 38. f3 Rg7 39. Rh1 Qg8 40. Rh5
Qb8 41. Qe1 Bd8 42. Qd2 Ke7 43. Qc2 Ba5 44. Rb1 Bb6 45. a4 Qc7 46. Qb3 Ke6 47.
Qb5 Re7 48. Ra1 Ba5 49. Rb1 Bb6 50. Rh6 Rg7 51. Ke3 Rg8 52. Ra1 Ba5 53. Rah1
Rb8 54. Rh7 Rxb5 55. Rxc7 Rb3+ 56. Ke2 Bxc7 57. Rg1 Bd8 58. Rh1 Ra3 59. Rh8 Be7
60. Ra8 Rxa4 61. Kd3 Ra3+ 62. Ke2 a5 63. Rb8 a4 64. Rb1 Rc3 0-1

[Event "Russian Championship B13 1st league 2016"]
[Site "Loo"]
[Date "2016.04.26"]
[Round "7.1"]
[White "Volovich, Vasily"]
[Black "Galiev, Irek"]
[Result "1-0"]
[WhiteElo "1875"]
[BlackElo "1859"]
[PlyCount "51"]
[EventDate "2016.04.20"]

1. e4 c5 2. c3 Nf6 3. e5 Nd5 4. d4 cxd4 5. Qxd4 e6 6. Nf3 Nc6 7. Qe4 d6 8. Bb5
Bd7 9. exd6 Bxd6 10. O-O Nf6 11. Qd3 Bc5 12. Bg5 Qe7 13. Nbd2 a6 14. Bc4 Na5
15. b4 Nxc4 16. Nxc4 Ba7 17. Nd6+ Kf8 18. Rad1 Ba4 19. Rd2 h6 20. Bxf6 gxf6 21.
Qc4 Bc6 22. Re1 Rg8 23. Qf4 Rh8 24. Nf5 Qe8 25. Qd6+ Kg8 26. Qg3+ 1-0

[Event "Russian Championship B13 1st league 2016"]
[Site "Loo"]
[Date "2016.04.26"]
[Round "7.2"]
[White "Garifzyanov, Niyaz"]
[Black "Zhukov, Maksim"]
[Result "1-0"]
[WhiteElo "1682"]
[BlackElo "1861"]
[PlyCount "101"]
[EventDate "2016.04.20"]

1. d4 Nf6 2. c4 c5 3. d5 b5 4. Nd2 bxc4 5. e4 d6 6. Qc2 g6 7. Nxc4 Nbd7 8. Bd3
Bg7 9. Ne2 O-O 10. O-O Nb6 11. Bf4 Nfd7 12. Nc3 Nxc4 13. Bxc4 Ne5 14. Be2 Rb8
15. Bg3 f5 16. f3 Qb6 17. Rab1 Ba6 18. Kh1 Bxe2 19. Qxe2 f4 20. Bh4 Rb7 21. b3
h6 22. Na4 Qc7 23. Nb2 g5 24. Bf2 Rfb8 25. Nc4 Nxc4 26. Qxc4 Rb4 27. Qc2 Qb7
28. Be1 Rb5 29. Bc3 Bxc3 30. Qxc3 Rb4 31. Rbc1 Rd4 32. Rcd1 Qb5 33. Qc2 Kg7 34.
Rfe1 Qb4 35. Rg1 a5 36. e5 Rxd1 37. Rxd1 Rf8 38. Qb2 Kg6 39. exd6 exd6 40. Qb1+
Kh5 41. Re1 Qd4 42. Re6 Rf6 43. Qe1 Rf5 44. Qf1 Rf6 45. Qe1 Rf5 46. g4+ fxg3
47. Qxg3 Qd1+ 48. Kg2 Qd2+ 49. Kh3 Rf4 50. Qg4+ Rxg4 51. fxg4# 1-0

[Event "Russian Championship B13 1st league 2016"]
[Site "Loo"]
[Date "2016.04.26"]
[Round "7.3"]
[White "Erastov, Semen"]
[Black "Dudin, Gleb"]
[Result "1/2-1/2"]
[WhiteElo "1775"]
[BlackElo "1857"]
[PlyCount "92"]
[EventDate "2016.04.20"]

1. e4 e6 2. d4 d5 3. Nd2 c5 4. exd5 exd5 5. Ngf3 Nf6 6. Bb5+ Bd7 7. Bxd7+ Nbxd7
8. O-O Be7 9. dxc5 Nxc5 10. Nb3 Nce4 11. Bf4 O-O 12. Qd4 a5 13. a4 Rc8 14. c3
Rc4 15. Qe3 Ng4 16. Qc1 Qb6 17. Nfd4 Ngf6 18. Qd1 Rd8 19. f3 Nd6 20. Kh1 Rcc8
21. Bxd6 Bxd6 22. Nb5 Bb8 23. N3d4 Ne8 24. Nf5 Qf6 25. Qd3 h5 26. Rfe1 Rd7 27.
Re2 g6 28. Rae1 Ng7 29. Nxg7 Kxg7 30. Qd4 Qxd4 31. Nxd4 Rc4 32. Ra1 Ba7 33. Nb5
Bb6 34. b3 Rf4 35. Rd1 Rf6 36. Red2 Re6 37. h3 h4 38. b4 Re3 39. Rd3 Rde7 40.
Rxe3 Rxe3 41. bxa5 Bxa5 42. Rxd5 Re1+ 43. Kh2 Bb6 44. g4 Re2+ 45. Kh1 Re1+ 46.
Kh2 Re2+ 1/2-1/2

[Event "Russian Championship B13 1st league 2016"]
[Site "Loo"]
[Date "2016.04.26"]
[Round "7.4"]
[White "Shoshin, Kirill"]
[Black "Arbuzov, Timofey"]
[Result "1-0"]
[WhiteElo "1746"]
[BlackElo "1739"]
[PlyCount "47"]
[EventDate "2016.04.20"]

1. e4 d6 2. d4 Nf6 3. Nc3 Nbd7 4. g3 e5 5. Nge2 Be7 6. Bg2 c6 7. a4 O-O 8. O-O
a5 9. h3 exd4 10. Qxd4 Qc7 11. g4 h6 12. Ng3 Nc5 13. Kh1 Ne6 14. Qd1 g5 15. Nf5
Kh7 16. Qf3 Rg8 17. Be3 h5 18. Bb6 Qd7 19. Rad1 hxg4 20. hxg4 Nf4 21. e5 Nxg2
22. Kxg2 Nxg4 23. Rh1+ Kg6 24. Qxg4 1-0

[Event "Russian Championship B13 1st league 2016"]
[Site "Loo"]
[Date "2016.04.26"]
[Round "7.5"]
[White "Bobkov, Vadim"]
[Black "Trofimov, Ivan"]
[Result "1-0"]
[WhiteElo "1839"]
[BlackElo "1597"]
[PlyCount "85"]
[EventDate "2016.04.20"]

1. d4 d5 2. c4 e5 3. Nc3 c6 4. e3 dxc4 5. Bxc4 exd4 6. exd4 Nf6 7. Nf3 Bb4 8.
O-O O-O 9. h3 Bf5 10. Qb3 Bxc3 11. Qxb7 Bc8 12. Qxa8 Qb6 13. bxc3 Bb7 14. Rb1
Bxa8 15. Rxb6 axb6 16. Ba3 c5 17. Rb1 Nbd7 18. Ne5 Rc8 19. Bxf7+ Kf8 20. Be6
Ke7 21. Bxd7 Nxd7 22. Nxd7 Kxd7 23. Rxb6 cxd4 24. cxd4 Rc2 25. Rb2 Rc4 26. Bc5
Bc6 27. Re2 Kd8 28. f3 g6 29. Kf2 Ra4 30. a3 Rc4 31. Kg3 Bd7 32. Re7 h5 33. Rg7
Bf5 34. Kf4 Ra4 35. Kg5 Ra6 36. Rf7 Bd3 37. Rf6 Rxf6 38. Kxf6 Kd7 39. g4 hxg4
40. fxg4 Kc6 41. h4 Kd5 42. h5 gxh5 43. gxh5 1-0